Worst Passports - Statistics

General Stats
  • This quiz has been taken 34 times
    5 since last reset
  • The average score is 12 of 16
Answer Stats
Power Rank Passport % Correct
93 Afghanistan
100%
85 Democratic Republic of the Congo
100%
87 Eritrea
100%
92 Iraq
100%
91 Somalia
100%
86 South Sudan
100%
86 Sudan
100%
93 Syria
100%
90 Yemen
100%
86 Ethiopia
75%
88 North Korea
75%
88 Libya
50%
85 Nepal
50%
90 Pakistan
50%
89 Bangladesh
25%
88 Palestinian Territories
0%
No matching quizzes found
Score Distribution
Percent of People with Each Score
Percentile by Number Answered
Your Score History
You have not taken this quiz since the last reset